书目信息 |
| 题名: |
世界名师的绘画课
|
|
| 作者: | 索安 著 ;宋扬 译 | |
| 分册: | ||
| 出版信息: | 北京 中国画报出版社 2019.10 |
|
| 页数: | 112页 | |
| 开本: | 16x21cm | |
| 丛书名: | ||
| 单 册: | ||
| 中图分类: | J21 , J215 | |
| 科图分类: | ||
| 主题词: | 绘画技法 , 色彩--绘画技法 | |
| 电子资源: | ||
| ISBN: | 978-7-5146-1758-0 | |
| 000 | 01232nam0 2200325 45 | |
| 001 | 012001000624 | |
| 005 | 20130909110629.0 | |
| 010 | @a978-7-5146-1758-0@b精装@dCNY58.00 | |
| 099 | @aCAL 012019178733 | |
| 100 | @a20191114d2019 em y0chiy0110 ea | |
| 101 | 1 | @achi@ceng |
| 102 | @aCN@b110000 | |
| 105 | @aa z 000yy | |
| 106 | @ar | |
| 200 | 1 | @a世界名师的绘画课@Ashi jie ming shi de hui hua ke@e色彩入门@f(英) 黑兹尔·索安著@g宋扬译 |
| 210 | @a北京@c中国画报出版社@d2019.10 | |
| 215 | @a112页@c彩图@d16x21cm | |
| 300 | @a其他题名:色彩入门 | |
| 312 | @a版权页题英文题名:Learn colors in painting quickly | |
| 330 | @a本书帮助读者迅速掌握如何在绘画中使用和表现色彩。从分析常用颜料的成分,到如何使用冷暖色调来创造引人注目的艺术效果,作者黑兹尔会帮绘画者一起找到最佳的色彩搭配,教会如何在调色板、画纸和画布上混合、微调色彩,以及如何利用不同色彩间的相互作用,营造更加夸张的视觉效果。 | |
| 500 | 10 | @aLearn colors in painting quickly@mChinese |
| 517 | 1 | @a色彩入门 |
| 606 | 0 | @a绘画技法 |
| 606 | 0 | @a色彩@x绘画技法 |
| 690 | @aJ21@v5 | |
| 690 | @aJ215@v5 | |
| 701 | 1 | @a索安@Asuo an@g(Soan, Hazel)@4著 |
| 702 | 0 | @a宋扬@Asong yang@4译 |
| 801 | @aCN@b江苏凤凰@c20211018 | |
| 905 | @b1340384-7@dJ21@e1212@f4 | |
| 世界名师的绘画课:色彩入门/(英) 黑兹尔·索安著/宋扬译.-北京:中国画报出版社,2019.10 |
| 112页:彩图;16x21cm |
| 其他题名:色彩入门 |
| ISBN 978-7-5146-1758-0(精装):CNY58.00 |
| 本书帮助读者迅速掌握如何在绘画中使用和表现色彩。从分析常用颜料的成分,到如何使用冷暖色调来创造引人注目的艺术效果,作者黑兹尔会帮绘画者一起找到最佳的色彩搭配,教会如何在调色板、画纸和画布上混合、微调色彩,以及如何利用不同色彩间的相互作用,营造更加夸张的视觉效果。 |
| ● |
| 相关链接 |
|
|
|
|
正题名:世界名师的绘画课
索取号:J21/1212
 
预约/预借
| 序号 | 登录号 | 条形码 | 馆藏地/架位号 | 状态 | 备注 |
| 1 | 1340384 | 213403841 | 第一样本阅览室/ [索取号:J21/1212] | 在馆 | |
| 2 | 1340385 | 213403850 | 第一借阅区/ [索取号:J21/1212] | 在馆 | |
| 3 | 1340386 | 213403869 | 第一借阅区/ [索取号:J21/1212] | 在馆 | |
| 4 | 1340387 | 213403878 | 第一借阅区/ [索取号:J21/1212] | 在馆 |